01367nam a2200265 a 450000100100000000500170001000800410002704000250006808200140009310000370010724500820014426000360022630000300026250000660029265000270035865000330038565000460041804900090046495201270047395201270060095201270072795201120085495201180096699900170108400001501320200929163934.0100129s2007 dr c 000 0 spa d aDO-SdBNPbspacBNPHU a362bO77m1 aOrtíz Frías, Sagrario93398210aMadres solteras con familias felices y efectivas /cSagrario Ortíz Frías. aSanto Domingo :b[s.n.],c2007. a132 p. :bretr. ;c21 cm. aIncluye datos biográficos de la autora en la contracubierta 4aMadres solteras933983 4aEducación en el hogar9798 4aValores (filosofía)xEnseñanza912690 aBNPD 001054708DSaGRbGRcCTd2010-01-29iLF1l0o362 O77mp15013-30r2020-06-25te. 3w2020-06-25yLFDSZPréstamo en sala 001054708DSaGRbGRcCTd2010-01-29iLF1l0o362 O77mp15013-40r2020-06-25te. 4w2020-06-25yLFDSZPréstamo en sala 001054708DSaGRbGRcCTd2010-01-29iLF1l0o362 O77mp15013-50r2020-06-25te. 5w2020-06-25yLFDSZPréstamo en sala 0010718PDaPDbPDcCTd2010-01-29iLF1l0o362 O77mp15013-10r2020-06-25w2020-06-25yLFPDZNo se presta 0010718PDaPDbPDcCTd2010-01-29iLF1l0o362 O77mp15013-20r2020-06-25te. 2w2020-06-25yLFPDZNo se presta c14586d14586